Statistics for KIDS SEE GHOSTS Charting Songs (Billboard Hot 100)

Click here to take the quiz!

General Stats

  • This quiz has been taken 12 times
  • The average score is 5 of 7

Answer Stats

AlbumWeeks OnPeakArtist(s)Song% Correct
KIDS SEE GHOSTS2 Weeks#39KIDS SEE GHOSTSReborn
89%
KIDS SEE GHOSTS1 Week#42KIDS SEE GHOSTS ft. Louis Prima4th Dimension
89%
KIDS SEE GHOSTS1 Week#69KIDS SEE GHOSTSCudi Montage
89%
KIDS SEE GHOSTS1 Week#73KIDS SEE GHOSTSKIDS SEE GHOSTS
89%
KIDS SEE GHOSTS1 Week#47KIDS SEE GHOSTSFeel the Love
67%
KIDS SEE GHOSTS1 Week#67KIDS SEE GHOSTSFire
67%
KIDS SEE GHOSTS1 Week#62KIDS SEE GHOSTSFreeee (Ghost Town, Pt. 2)
22%

Score Distribution

Percentile by Number Answered

Percent of People with Each Score

Your Score History

You have not taken this quiz